| 000 | 00733nam a2200133Ia 4500 | ||
|---|---|---|---|
| 008 | 171212s9999 xx 000 0 und d | ||
| 020 | _a9780833041425 | ||
| 100 | _aRostker, Bernard D.;Hix, William M.;Wilson, Jeremy M.;Jeremy M. Wilson, | ||
| 245 |
_cRostker, Bernard D.;Hix, William M.;Wilson, Jeremy M.;Jeremy M. Wilson, _aRecruitment and Retention _bLessons for the New Orleans Police Department |
||
| 260 |
_bRAND Corporation _c2007 |
||
| 650 | _aManagement & Organizational Behavior | ||
| 650 | _aPolice -- Recruiting -- Louisiana -- New Orleans; Employee retention -- Louisiana -- New Orleans; Police administration -- Louisiana -- New Orleans; New Orleans (La.). Police Dept | ||
| 856 | _uwww.jstor.org/stable/10.7249/mg585rc | ||
| 999 |
_c352480 _d352480 |
||